Dimensionamiento de una planta de tratamiento de aguas residuales para una planta procesadora de pollos
Kaydedildi:
| Yazar: | |
|---|---|
| Diğer Yazarlar: | |
| Materyal Türü: | Bilinmiyor |
| Dil: | Spanish |
| Baskı/Yayın Bilgisi: |
San José, Costa Rica
2019
|
| Konular: | |
| Etiketler: |
Etiketle
Etiket eklenmemiş, İlk siz ekleyin!
|
MARC
| LEADER | 00000 a2200000 4500 | ||
|---|---|---|---|
| 003 | 013167 | ||
| 005 | 20230308154406.0 | ||
| 008 | 140114s2019 cr a 000 ||spa d | ||
| 040 | |c cru CEDI | ||
| 100 | |a Borbón Solera, Andrea Mariana |9 19884 | ||
| 245 | |a Dimensionamiento de una planta de tratamiento de aguas residuales para una planta procesadora de pollos | ||
| 260 | |a San José, Costa Rica |c 2019 | ||
| 500 | |a Proyecto de graduación(licenciatura en ingeniería química)--Universidad de Costa Rica. Facultad de Ingeniería. Escuela de Ingeniería Química | ||
| 501 | |a Director de Proyecto de Graduación: M.Sc. Bernardo Hernán Mora Góm̤ez | ||
| 650 | |x PURIFICACION DE AGUAS RESIDUALES - COSTA RICA |x PLANTAS PARA TRATAMIENTO DE AGUAS RESIDUALES - COSTA RICA | ||
| 700 | |9 13 |a Mora Gómez, Bernardo Hernán, 1965- |d Director del TFG | ||
| 942 | |c CEDI |h TFG 8317 |6 TFG_8317_000000000000000 | ||
| 999 | |c 12987 |d 12987 | ||
